Master guide Agriculture Science (Record no. 5319)

MARC details
000 -LEADER
fixed length control field 00357nam a22001457a 4500
005 - DATE AND TIME OF LATEST TRANSACTION
control field 20190123121645.0
008 - FIXED-LENGTH DATA ELEMENTS--GENERAL INFORMATION
fixed length control field 161215b xxu||||| |||| 00| 0 eng d
020 ## - INTERNATIONAL STANDARD BOOK NUMBER
ISBN 9-789351-763567
041 ## - LANGUAGE CODE
Language code of text/sound track or separate title eng
100 ## - MAIN ENTRY--AUTHOR NAME
Personal name Karhana,Pushpendra Kumar
245 ## - TITLE STATEMENT
Title Master guide Agriculture Science
300 ## - PHYSICAL DESCRIPTION
Number of Pages 666
650 ## - SUBJECT ADDED ENTRY--TOPICAL TERM
Topical Term Agriculture
942 ## - ADDED ENTRY ELEMENTS (KOHA)
Koha item type Books
Holdings
Lost status Damaged status Collection code Home library Current library Shelving location Date acquired Source of acquisition Cost, normal purchase price Accession Number Koha item type Full call number
    AGRICULTURE JRU Library JRU Library SHELF-45-D 15/12/2016 Purchase 625.00 21451 Books  
    AGRICULTURE JRU Library JRU Library SHELF-45-D 15/12/2016 Purchase 625.00 21452 Books  
    Reference JRU Library JRU Library SHELF-2-B 15/12/2016 Purchase 625.00 21453 Books 631
    AGRICULTURE JRU Library JRU Library SHELF-45-D 15/12/2016 Purchase 625.00 21454 Books  
    AGRICULTURE JRU Library JRU Library   15/12/2016 Purchase 625.00 21455 Books